[Event "4NCL Division Four"]
[Site "Telford, ENG"]
[Date "2024.05.05"]
[Round "10.105"]
[White "Lowe, Catherine"]
[Black "Bentley, Alex"]
[Result "1/2-1/2"]
[WhiteElo "1413"]
[BlackElo "1777"]
[PlyCount "127"]
[EventDate "2024.05.05"]
[WhiteTeam "She Plays To Win Young Stars B"]
[BlackTeam "Ashfield 3"]

1. e4 c5 2. Nc3 Nc6 3. g3 d6 4. Bg2 g6 5. d3 Bg7 6. f4 a6 7. Nf3 Rb8 8. a4 b5 9. axb5 axb5 10. O-O Bg4 11. h3 Bd7 12. Rb1 Qc8 13. Kh2 b4 14. Ne2 e5 15. fxe5 dxe5 16. Be3 Nd4 17. Nexd4 cxd4 18. Bd2 Ne7 19. Rc1 Qa6 20. Ra1 Qb5 21. Ng5 O-O 22. h4 h6 23. Nf3 b3 24. c4 Qb7 25. Qc1 Kh7 26. Ra5 Nc6 27. Ra1 Nb4 28. Bxb4 Qxb4 29. Qe1 Qxe1 30. Rfxe1 Rfe8 31. Bh3 Bxh3 32. Kxh3 Bf8 33. g4 Bb4 34. Rf1 Rb7 35. g5 h5 36. Rfd1 Bc3 37. Nd2 Bxb2 38. Rab1 Bc3 39. Rxb3 Rxb3 40. Nxb3 Ra8 41. Nc5 Ra2 42. Nd7 Bd2 43. Nf6+ Kg7 44. Nd5 Bc3 45. Kg3 Rd2 46. Rxd2 Bxd2 47. Nb6 Bf4+ 48. Kf3 Kf8 49. Nd5 Bc1 50. Nb4 Ke7 51. Nc2 Kd6 52. Nb4 Bd2 53. Nc2 Kc5 54. Ke2 Ba5 55. Ne1 Bd8 56. Nf3 Kd6 57. Nd2 f6 58. gxf6 Bxf6 59. Nf3 Bg7 60. Kd2 Bh6+ 61. Kc2 Bf4 62. Kb3 Kc5 63. Ka4 Bg3 64. Ka5 1/2-1/2

[Event "4NCL Division Four"]
[Site "Telford, ENG"]
[Date "2024.05.05"]
[Round "10.111"]
[White "Morrison, Munroe L"]
[Black "Hymer, Barry"]
[Result "0-1"]
[WhiteElo "1701"]
[BlackElo "1984"]
[PlyCount "66"]
[EventDate "2024.05.05"]
[WhiteTeam "War and Piece B"]
[BlackTeam "Lancaster"]

1. e4 d6 2. d4 Nf6 3. Nc3 e5 4. Nf3 Nbd7 5. Bc4 Be7 6. O-O O-O 7. Re1 c6 8. a4 h6 9. b3 exd4 10. Nxd4 Ne5 11. Bf1 Re8 12. h3 d5 13. exd5 Bb4 14. Bd2 cxd5 15. Bb5 Bd7 16. Ne4 Nxe4 17. Bxb4 a5 18. Bd2 Nxf2 19. Kxf2 Qh4+ 20. Kg1 Qxd4+ 21. Re3 Bxb5 22. axb5 Nc4 23. bxc4 Rxe3 24. Bxe3 Qxe3+ 25. Kh1 dxc4 26. Qd5 Qe8 27. Qxc4 Rc8 28. Qb3 b6 29. Rf1 Rc5 30. c4 Qe2 31. Rd1 Qxc4 32. Rd8+ Kh7 33. Qb1+ f5 0-1

[Event "4NCL Division Four"]
[Site "Telford, ENG"]
[Date "2024.05.05"]
[Round "10.112"]
[White "Seery, Philip T"]
[Black "Woolf, Ben"]
[Result "1-0"]
[WhiteElo "1979"]
[BlackElo "1622"]
[PlyCount "107"]
[EventDate "2024.05.05"]
[WhiteTeam "Lancaster"]
[BlackTeam "War and Piece B"]

1. d4 f5 2. g3 Nf6 3. Bg2 e6 4. Nf3 Be7 5. O-O O-O 6. c4 d6 7. Nc3 a6 8. Re1 Nbd7 9. Ng5 Nb6 10. Qb3 h6 11. c5 hxg5 12. cxb6 cxb6 13. Bxg5 d5 14. Na4 b5 15. Nc5 b6 16. Nd3 Bb7 17. Rac1 Nd7 18. Bxe7 Qxe7 19. Rc7 Rab8 20. Ne5 Rfd8 21. Rec1 Qd6 22. f4 Nxe5 23. fxe5 Qf8 24. g4 Rdc8 25. gxf5 Qxf5 26. Qg3 Rxc7 27. Rxc7 Qb1+ 28. Bf1 Qh7 29. e3 Ba8 30. Bd3 Qh6 31. Qf4 Qxf4 32. exf4 Rf8 33. f5 exf5 34. Ra7 f4 35. Rxa6 Bb7 36. Rxb6 Bc8 37. Rxb5 Ba6 38. Rb3 Bxd3 39. Rxd3 f3 40. Kf2 Rf4 41. a4 Rh4 42. Kxf3 Rh3+ 43. Ke2 Rxh2+ 44. Ke3 Rh3+ 45. Kd2 Rh6 46. a5 Ra6 47. b4 Kf7 48. Ra3 g5 49. b5 Ra8 50. b6 Rh8 51. b7 Rh2+ 52. Kc3 Rh3+ 53. Kb4 Rh1 54. a6 1-0

[Event "4NCL Division Four"]
[Site "Telford, ENG"]
[Date "2024.05.05"]
[Round "10.113"]
[White "Chapman, Chas"]
[Black "McMenamin, Danny"]
[Result "0-1"]
[WhiteElo "1546"]
[BlackElo "1909"]
[PlyCount "66"]
[EventDate "2024.05.05"]
[WhiteTeam "War and Piece B"]
[BlackTeam "Lancaster"]

1. e4 c5 2. Nf3 d6 3. d4 cxd4 4. Nxd4 Nf6 5. Nc3 a6 6. Be2 e5 7. Nb3 Be7 8. O-O O-O 9. Nd5 Nxe4 10. Nxe7+ Qxe7 11. f4 Nd7 12. fxe5 dxe5 13. Be3 Ndc5 14. Bg4 Nxb3 15. cxb3 Bxg4 16. Qxg4 Nc5 17. b4 Ne6 18. Rac1 Rac8 19. Rc3 Rfd8 20. Rfc1 Rxc3 21. bxc3 b5 22. Rd1 Rxd1+ 23. Qxd1 Qd8 24. Qxd8+ Nxd8 25. Bc5 f6 26. Kf2 Kf7 27. Ke3 Nb7 28. Ke4 Ke6 29. g4 Nxc5+ 30. bxc5 g6 31. Kd3 Kd5 32. a4 bxa4 33. c4+ Kxc5 0-1

[Event "4NCL Division Four"]
[Site "Telford, ENG"]
[Date "2024.05.05"]
[Round "10.114"]
[White "Lyth, John D"]
[Black "Collins, Nigel"]
[Result "1/2-1/2"]
[WhiteElo "1878"]
[BlackElo "1488"]
[PlyCount "36"]
[EventDate "2024.05.05"]
[WhiteTeam "Lancaster"]
[BlackTeam "War and Piece B"]

1. d4 Nf6 2. Nf3 g5 3. g3 Bg7 4. Bg2 O-O 5. O-O d5 6. c4 c6 7. Nbd2 a5 8. Ne5 a4 9. e3 Bf5 10. Ndf3 Qb6 11. Nh4 Be6 12. c5 Qc7 13. f4 Nfd7 14. Nd3 f5 15. Bd2 Nf6 16. Nf3 Ne4 17. Qe2 Nd7 18. b4 axb3 1/2-1/2

[Event "4NCL Division Four"]
[Site "Telford, ENG"]
[Date "2024.05.05"]
[Round "10.115"]
[White "Thomas, Jacob"]
[Black "Walsh, Richard"]
[Result "1/2-1/2"]
[WhiteElo "1507"]
[BlackElo "1759"]
[PlyCount "40"]
[EventDate "2024.05.05"]
[WhiteTeam "War and Piece B"]
[BlackTeam "Lancaster"]

1. e4 c6 2. d4 d5 3. e5 Bf5 4. h4 h5 5. Bd3 Bxd3 6. Qxd3 Qa5+ 7. Bd2 Qa6 8. Qxa6 Nxa6 9. Nf3 e6 10. c3 c5 11. O-O cxd4 12. cxd4 Nb4 13. Nc3 a6 14. a3 Nc6 15. Rac1 Nge7 16. b4 Nf5 17. Ne2 Be7 18. g3 Kd7 19. Rfd1 Rag8 20. Bf4 Rc8 1/2-1/2

[Event "4NCL Division Four"]
[Site "Telford, ENG"]
[Date "2024.05.05"]
[Round "10.116"]
[White "Chan, Tak-Shing"]
[Black "Bradley, Eric"]
[Result "1/2-1/2"]
[WhiteElo "1729"]
[BlackElo "1317"]
[PlyCount "36"]
[EventDate "2024.05.05"]
[WhiteTeam "Lancaster"]
[BlackTeam "War and Piece B"]

1. d4 c6 2. Nf3 Qc7 3. e3 d6 4. Bd3 Nf6 5. O-O Nbd7 6. Nbd2 e5 7. Re1 Be7 8. c3 h6 9. h3 g5 10. Bf5 d5 11. dxe5 Nxe5 12. Qc2 Bd7 13. a4 O-O-O 14. b4 g4 15. hxg4 Nfxg4 16. g3 h5 17. Bxd7+ Qxd7 18. Nd4 h4 1/2-1/2

[Event "4NCL Division Four"]
[Site "Telford, ENG"]
[Date "2024.05.05"]
[Round "10.121"]
[White "Coates, Kenneth G"]
[Black "McLean, Rory"]
[Result "0-1"]
[WhiteElo "1932"]
[BlackElo "1712"]
[PlyCount "50"]
[EventDate "2024.05.05"]
[WhiteTeam "Crowthorne B"]
[BlackTeam "Barnet Knights C"]

1. d4 e6 2. Nf3 c5 3. c3 a6 4. Bf4 Nf6 5. e3 Nc6 6. Be2 Be7 7. h3 O-O 8. O-O b5
9. Nbd2 cxd4 10. exd4 Bb7 11. a4 b4 12. Nc4 Nd5 13. Bd2 a5 14. Nce5 bxc3 15.
bxc3 Qc7 16. Rb1 Rfc8 17. Nd3 Ba6 18. Qc1 Nd8 19. Nfe5 Nxc3 20. Bxc3 Qxc3 21.
Qe3 Qc7 22. Bf3 d5 23. Rfc1 Qa7 24. Nc5 h6 25. Ned7 Bg5 0-1

[Event "4NCL Division Four"]
[Site "Telford, ENG"]
[Date "2024.05.05"]
[Round "10.122"]
[White "Leadbetter, Scott"]
[Black "Horwood, Alexander"]
[Result "1-0"]
[WhiteElo "1747"]
[BlackElo "1438"]
[PlyCount "83"]
[EventDate "2024.05.05"]
[WhiteTeam "Crowthorne B"]
[BlackTeam "Barnet Knights C"]

{[%evp 0,45,19,-28,50,-27,13,34,11,10,19,13,-22,32,-21,9,-9,34,-36,36,-29,29,
-38,26,-46,43,-22,29,-20,47,-54,84,-55,56,-60,65,-20,76,- 89,64,-58,61,-15,14,
-49,152,-59,654]} 1. e4 c5 2. a3 Nc6 3. b4 cxb4 4. axb4 Nxb4 5. c3 Nc6 6. d4 d5
7. Bb5 a6 8. Qa4 e6 9. Bxc6+ bxc6 10. Nf3 Bd7 11. Ne5 c5 12. Nxd7 Qxd7 13. exd5
exd5 14. Qxd7+ Kxd7 15. Ba3 Kc6 16. O-O Nf6 17. Nd2 cxd4 18. Bxf8 Rhxf8 19.
cxd4 Kd6 20. Rfb1 Nd7 21. Ra5 Rfb8 22. Rba1 f6 23. f4 Rb7 24. Rxa6+ Rxa6 25.
Rxa6+ Rb6 26. Ra8 Rb8 27. Ra4 Rb7 28. Nf1 Rb1 29. Kf2 Rb2+ 30. Kf3 Rb5 31. Ne3
g6 32. Ra6+ Nb6 33. h4 h6 34. g4 Ke7 35. Rxb6 Rxb6 36. Nxd5+ Kd6 37. Nxb6 Ke6
38. Nc8 Kd7 39. Na7 Kd6 40. Ke4 Kc7 41. Kd5 Kd7 42. Nc6 1-0

[Event "4NCL Division Four"]
[Site "Telford, ENG"]
[Date "2024.05.05"]
[Round "10.123"]
[White "McKean, Matthew"]
[Black "Wen, Liana"]
[Result "1-0"]
[WhiteElo "1564"]
[BlackElo "1430"]
[PlyCount "71"]
[EventDate "2024.05.05"]
[WhiteTeam "Crowthorne B"]
[BlackTeam "Barnet Knights C"]

1. c4 e6 2. e4 Nf6 3. e5 Ng8 4. Nf3 Ne7 5. g3 g6 6. Bg2 Nbc6 7. O-O Bg7 8. d4
O-O 9. Nc3 b6 10. d5 exd5 11. cxd5 Nxe5 12. Nxe5 Bxe5 13. d6 Nc6 14. Ne4 cxd6
15. Bh6 Bg7 16. Bxg7 Kxg7 17. Nxd6 Ba6 18. Re1 Nb4 19. Qd4+ Qf6 20. Qxb4 Rab8
21. Rac1 Kg8 22. Rc7 b5 23. Ne4 Qb6 24. Rxd7 Bc8 25. Rd6 a5 26. Qd2 Qa7 27.
Nf6+ Kg7 28. Ne8+ Kh8 29. Qc3+ f6 30. Rxf6 Rxf6 31. Qxf6+ Kg8 32. Re7 Qxe7 33.
Qxe7 Rb7 34. Bd5+ Be6 35. Bxe6+ Kh8 36. Qf8# 1-0

[Event "4NCL Division Four"]
[Site "Telford, ENG"]
[Date "2024.05.05"]
[Round "10.124"]
[White "Kirupakaran, Vishnu"]
[Black "MacLeod, Alasdair"]
[Result "1-0"]
[WhiteElo "1871"]
[BlackElo "1831"]
[PlyCount "51"]
[EventDate "2024.05.05"]
[WhiteTeam "Barnet Knights C"]
[BlackTeam "English Deaf Chess Association"]

1. e4 c5 2. Nc3 Nc6 3. Nge2 d6 4. d4 cxd4 5. Nxd4 Nf6 6. Bg5 e6 7. Qd2 Be7 8.
O-O-O O-O 9. f4 Nxd4 10. Qxd4 Qa5 11. Be2 e5 12. Qd3 exf4 13. Bxf4 Be6 14. Kb1
Rfc8 15. Nd5 Nxd5 16. exd5 Bd7 17. Qg3 Qc5 18. Bd3 g6 19. h4 a5 20. h5 Be8 21.
hxg6 fxg6 22. Rxh7 Kxh7 23. Rh1+ Kg7 24. Bh6+ Kg8 25. Bxg6 Bh4 26. Bh7+ 1-0

[Event "4NCL Division Four"]
[Site "Telford, ENG"]
[Date "2024.05.05"]
[Round "10.125"]
[White "David, Barry A H"]
[Black "Michener, Max"]
[Result "1/2-1/2"]
[WhiteElo "1691"]
[BlackElo "1546"]
[PlyCount "64"]
[EventDate "2024.05.05"]
[WhiteTeam "English Deaf Chess Association"]
[BlackTeam "Barnet Knights C"]

1. e4 e5 2. Nf3 Nc6 3. Bc4 Bc5 4. c3 Nf6 5. d3 d6 6. h3 h6 7. a4 a6 8. O-O O-O
9. Re1 Be6 10. Nbd2 Bxc4 11. Nxc4 Re8 12. a5 Qd7 13. Be3 Bxe3 14. Nxe3 Rad8 15.
Qb3 Ra8 16. Nh4 Ne7 17. Qc2 c6 18. d4 d5 19. exd5 exd4 20. dxc6 Nxc6 21. Red1
Rac8 22. Nc4 Rcd8 23. Nf3 d3 24. Qc1 Qd5 25. Ne3 Qc5 26. Qb1 Rxe3 27. fxe3
Qxe3+ 28. Kh2 Qf4+ 29. Kg1 Qe3+ 30. Kh2 Qf4+ 31. Kg1 Qe3+ 32. Kh2 Qf4+ 1/2-1/2

[Event "4NCL Division Four"]
[Site "Telford, ENG"]
[Date "2024.05.05"]
[Round "10.126"]
[White "Lee, Xander"]
[Black "Masterson, Desmond"]
[Result "1-0"]
[WhiteElo "1490"]
[BlackElo "1601"]
[PlyCount "49"]
[EventDate "2024.05.05"]
[WhiteTeam "Barnet Knights C"]
[BlackTeam "English Deaf Chess Association"]

1. e4 e6 2. d4 d5 3. exd5 exd5 4. Nc3 Nf6 5. Nf3 Be6 6. Bf4 c6 7. Bd3 Bd6 8.
Qd2 O-O 9. O-O Bxf4 10. Qxf4 Nbd7 11. Ne2 h6 12. Qg3 Nb6 13. Nh4 Nh5 14. Qe5
Qxh4 15. Ng3 Nxg3 16. fxg3 Qe7 17. Rf4 f6 18. Qh5 Bf7 19. Qg4 Qe6 20. Bf5 Qe8
21. Bd3 g5 22. Rxf6 Kg7 23. Qf5 Rh8 24. Rf1 Bg6 25. Rxg6+ 1-0

[Event "4NCL Division Four"]
[Site "Telford, ENG"]
[Date "2024.05.05"]
[Round "10.127"]
[White "Gardner, Phillip K"]
[Black "Shek, Daniel"]
[Result "0-1"]
[WhiteElo "1789"]
[BlackElo "1997"]
[PlyCount "108"]
[EventDate "2024.05.05"]
[WhiteTeam "English Deaf Chess Association"]
[BlackTeam "Crowthorne B"]

1. e4 c5 2. c3 e5 3. Nf3 Nc6 4. d4 cxd4 5. cxd4 exd4 6. Nxd4 Bb4+ 7. Nc3 Qa5 8.
Ndb5 Nf6 9. f3 O-O 10. Bf4 Bxc3+ 11. Nxc3 d5 12. Qd2 dxe4 13. fxe4 Rd8 14. Qc2
Nd4 15. Qb1 Bg4 16. Bd3 Ne6 17. O-O Qb6+ 18. Kh1 Nxf4 19. Rxf4 Qe3 20. Rxf6
Rxd3 21. Rf1 Rad8 22. Qe1 Qxe1 23. Rfxe1 Rd2 24. Rab1 a6 25. a3 Kf8 26. Kg1 Rc2
27. Nd5 Be6 28. Ne3 Rcd2 29. Kf1 Ke7 30. Re2 R2d4 31. Nf5+ Bxf5 32. exf5+ Kf6
33. Rf2 R8d5 34. Rc1 Rd7 35. h3 h5 36. Rcc2 Re7 37. Rc1 Rde4 38. g3 Re3 39. Kg2
Re2 40. Rc3 Rxf2+ 41. Kxf2 Kxf5 42. Kf3 g5 43. Rc5+ Kg6 44. Rd5 Rc7 45. Rd6+ f6
46. Rb6 Kf5 47. g4+ hxg4+ 48. hxg4+ Ke5 49. Rb4 f5 50. gxf5 Kxf5 51. Rd4 Rc5
52. Rb4 Rb5 53. Rxb5+ axb5 54. b3 g4+ 0-1

[Event "4NCL Division Four"]
[Site "Telford, ENG"]
[Date "2024.05.05"]
[Round "10.128"]
[White "Chapman, Timothy J"]
[Black "Ajimal, Jet"]
[Result "1/2-1/2"]
[WhiteElo "1759"]
[BlackElo "1690"]
[PlyCount "69"]
[EventDate "2024.05.05"]
[WhiteTeam "Crowthorne B"]
[BlackTeam "English Deaf Chess Association"]

1. d4 d5 2. c4 c6 3. Nf3 Nf6 4. e3 e6 5. Nbd2 Nbd7 6. b3 Be7 7. Bd3 Qc7 8. Bb2
O-O 9. O-O b6 10. Rc1 Qd8 11. Ne5 Nxe5 12. dxe5 Nd7 13. f4 dxc4 14. Nxc4 Bb7
15. Rf3 g6 16. Rg3 Nc5 17. Nd6 Bxd6 18. exd6 Qxd6 19. Rxc5 bxc5 20. Qc2 Rad8
21. Qc3 f6 22. e4 Qd4+ 23. Qxd4 cxd4 24. Bc4 Kg7 25. Ba3 Rfe8 26. e5 fxe5 27.
fxe5 Rd7 28. Bc5 a6 29. Rd3 Kf7 30. Kf1 Bc8 31. Ke2 Kg7 32. g3 h6 33. h3 h5 34.
h4 Kh6 35. Rf3 1/2-1/2

[Event "4NCL Division Four"]
[Site "Telford, ENG"]
[Date "2024.05.05"]
[Round "10.129"]
[White "Fletcher, Ben J"]
[Black "Haslehurst, Harriet"]
[Result "1/2-1/2"]
[WhiteElo "1356"]
[BlackElo "1718"]
[PlyCount "47"]
[EventDate "2024.05.05"]
[WhiteTeam "English Deaf Chess Association"]
[BlackTeam "Crowthorne B"]

1. e4 e6 2. d4 d5 3. Nc3 c5 4. exd5 exd5 5. Bb5+ Nc6 6. dxc5 d4 7. Qe2+ Be6 8.
Ne4 Qd5 9. b4 Be7 10. Nf3 Nf6 11. Ng3 O-O 12. a3 a5 13. Bb2 axb4 14. Bxc6 bxc6
15. axb4 Rxa1+ 16. Bxa1 Rb8 17. Qd2 Qa2 18. O-O Nd5 19. Bxd4 Rxb4 20. c3 Qxd2
21. Nxd2 Rb2 22. Nf3 Rc2 23. Ne5 Nxc3 24. Nxc6 1/2-1/2

[Event "4NCL Division Four"]
[Site "Telford, ENG"]
[Date "2024.05.06"]
[Round "11.11"]
[White "Cooper, John G"]
[Black "Onley, David E"]
[Result "0-1"]
[WhiteElo "2263"]
[BlackElo "2156"]
[PlyCount "80"]
[EventDate "2024.05.06"]
[WhiteTeam "North West Eagles"]
[BlackTeam "War and Piece A"]

1. d4 g6 2. c4 Bg7 3. Nc3 d6 4. e4 c6 5. Nf3 Nf6 6. Be2 O-O 7. O-O Nbd7 8. e5
Ne8 9. Bf4 dxe5 10. dxe5 Nc7 11. Re1 Nc5 12. h3 a5 13. Qc1 N7e6 14. Bh6 Qc7 15.
Bxg7 Kxg7 16. Qe3 Bd7 17. Rad1 Rad8 18. Nh4 f5 19. Nf3 Bc8 20. Nd5 cxd5 21.
cxd5 b6 22. b3 Bb7 23. dxe6 Bxf3 24. Bxf3 Nxe6 25. Bd5 Nc5 26. e6 Rf6 27. a3
Rd6 28. Bc4 Qd8 29. Rxd6 Qxd6 30. Qe2 Ne4 31. Qb2 Kg8 32. b4 Rf8 33. f3 Nd2 34.
Be2 Rd8 35. Rd1 h6 36. Kf2 Kh7 37. Qc3 Qf4 38. Qe3 Ne4+ 39. Qxe4 fxe4 40. Rxd8
e3+ 0-1

[Event "4NCL Division Four"]
[Site "Telford, ENG"]
[Date "2024.05.06"]
[Round "11.12"]
[White "Tenin, Aleksander"]
[Black "Zeidler, Sven P."]
[Result "0-1"]
[WhiteElo "2061"]
[BlackElo "2205"]
[PlyCount "46"]
[EventDate "2024.05.06"]
[WhiteTeam "War and Piece A"]
[BlackTeam "North West Eagles"]

1. e4 Nc6 2. Nc3 Nf6 3. d4 d5 4. e5 Nd7 5. Nxd5 Ndb8 6. c4 e6 7. Bg5 Qxg5 8.
Nxc7+ Kd8 9. Nxa8 Bb4+ 10. Ke2 Qf4 11. Kd3 Nxd4 12. a3 Be7 13. Kc3 Nbc6 14. Nf3
Bd7 15. Nxd4 Qxe5 16. f4 Qf6 17. b4 Nxd4 18. g3 Kc8 19. Bg2 Nc2+ 20. Kb3 Nxa1+
21. Ka2 Rd8 22. Qg1 Qc3 23. Qxa7 Qc2+ 0-1

[Event "4NCL Division Four"]
[Site "Telford, ENG"]
[Date "2024.05.06"]
[Round "11.13"]
[White "Kee, Steve"]
[Black "Portman, Carl S"]
[Result "1/2-1/2"]
[WhiteElo "2166"]
[BlackElo "1913"]
[PlyCount "83"]
[EventDate "2024.05.06"]
[WhiteTeam "North West Eagles"]
[BlackTeam "War and Piece A"]

1. c4 c6 2. e4 d5 3. cxd5 cxd5 4. exd5 Nf6 5. Bb5+ Bd7 6. Bc4 b5 7. Bb3 a5 8.
a3 Na6 9. d4 Nc7 10. d6 exd6 11. d5 Be7 12. Nf3 O-O 13. O-O Re8 14. Nc3 h6 15.
Re1 Bf8 16. Rxe8 Qxe8 17. Bf4 Ne4 18. Nxe4 Qxe4 19. Qd2 g5 20. Be3 a4 21. Ba2
Bg7 22. Bb6 Ne8 23. Re1 Qf4 24. Be3 Qg4 25. h3 Qh5 26. Nd4 Nf6 27. Qd3 g4 28.
hxg4 Nxg4 29. Bf4 Be5 30. Bxe5 Nxe5 31. Qe4 f5 32. Qf4 Qg5 33. Qxg5+ hxg5 34.
Bb1 f4 35. Bf5 Bxf5 36. Nxf5 Nc4 37. Re2 Kf7 38. Nd4 Rb8 39. Nc6 Re8 40. Rxe8
Kxe8 41. Nd4 Nxb2 42. Nxb5 1/2-1/2

[Event "4NCL Division Four"]
[Site "Telford, ENG"]
[Date "2024.05.06"]
[Round "11.14"]
[White "Bradley, William"]
[Black "Erskine-Pereira, Jack"]
[Result "1/2-1/2"]
[WhiteElo "1901"]
[BlackElo "1992"]
[PlyCount "31"]
[EventDate "2024.05.06"]
[WhiteTeam "War and Piece A"]
[BlackTeam "North West Eagles"]

1. e4 e6 2. d4 d5 3. exd5 exd5 4. Nf3 Nc6 5. Bb5 Bd6 6. O-O Nge7 7. c3 O-O 8.
Bg5 a6 9. Bd3 f6 10. Bh4 Bf5 11. Re1 Qd7 12. Bg3 Bxg3 13. hxg3 Rfe8 14. Qc2 b5
15. Nbd2 Bxd3 16. Qxd3 1/2-1/2

[Event "4NCL Division Four"]
[Site "Telford, ENG"]
[Date "2024.05.06"]
[Round "11.15"]
[White "Doran, Chris"]
[Black "Barnes, David"]
[Result "1-0"]
[WhiteElo "1989"]
[BlackElo "1738"]
[PlyCount "55"]
[EventDate "2024.05.06"]
[WhiteTeam "North West Eagles"]
[BlackTeam "War and Piece A"]

1. e4 c5 2. Nf3 d6 3. d4 cxd4 4. Nxd4 Nf6 5. Nc3 a6 6. Bg5 e6 7. f4 Be7 8. Qf3
Qc7 9. O-O-O Nbd7 10. Bd3 b5 11. Rhe1 Bb7 12. Qg3 Nc5 13. e5 Nh5 14. Qh4 dxe5
15. fxe5 Nxd3+ 16. Rxd3 g6 17. Ndxb5 axb5 18. Nxb5 Qc5 19. Bxe7 Qxb5 20. Bb4 f6
21. exf6 Kf7 22. Red1 Bd5 23. a3 Qb8 24. g3 Qe5 25. Bc3 Qf5 26. g4 Qf4+ 27. Bd2
Qxf6 28. Bg5 1-0

[Event "4NCL Division Four"]
[Site "Telford, ENG"]
[Date "2024.05.06"]
[Round "11.16"]
[White "Ross, David C"]
[Black "Banerjee, Sanjoy K"]
[Result "1/2-1/2"]
[WhiteElo "1710"]
[BlackElo "1714"]
[PlyCount "63"]
[EventDate "2024.05.06"]
[WhiteTeam "War and Piece A"]
[BlackTeam "North West Eagles"]

1. e4 c5 2. Nf3 d6 3. Bd3 Nc6 4. h3 g6 5. c3 Bg7 6. Bc2 e6 7. O-O Nge7 8. d3
O-O 9. Bg5 Qc7 10. Nbd2 d5 11. Re1 dxe4 12. Nxe4 b6 13. Nf6+ Kh8 14. Qd2 Nd5
15. Nxd5 exd5 16. Bh6 Be6 17. Bxg7+ Kxg7 18. d4 Rad8 19. Rad1 Rc8 20. h4 Bg4
21. dxc5 bxc5 22. Qxd5 Nd8 23. Rd2 h5 24. Ng5 Ne6 25. Rxe6 Bxe6 26. Qe5+ Kg8
27. Qxc7 Rxc7 28. a3 Rfc8 29. Be4 Rb8 30. b4 cxb4 31. cxb4 a5 32. Rb2 1/2-1/2

[Event "4NCL Division Four"]
[Site "Telford, ENG"]
[Date "2024.05.06"]
[Round "11.21"]
[White "Beckett, Richard"]
[Black "Wong, Chun Hei"]
[Result "1/2-1/2"]
[WhiteElo "1810"]
[BlackElo "2048"]
[PlyCount "133"]
[EventDate "2024.05.06"]
[WhiteTeam "Oxford 3"]
[BlackTeam "Average Woodpushers"]

1. e4 c5 2. Nf3 Nc6 3. d4 cxd4 4. Nxd4 g6 5. Nc3 Bg7 6. Be3 Nf6 7. Bc4 O-O 8.
f3 Qb6 9. Bb3 Nxe4 10. Nxe4 Bxd4 11. Bxd4 Qxd4 12. Qxd4 Nxd4 13. O-O-O Nxb3+
14. axb3 d6 15. Rhe1 Rd8 16. c4 Bd7 17. Nc3 Kf8 18. Nd5 e6 19. Nf6 Kg7 20. Ne4
d5 21. cxd5 exd5 22. Rxd5 Be6 23. Rxd8 Rxd8 24. Re3 Bd5 25. Kc2 Re8 26. Kd2 f5
27. Rd3 Bxe4 28. fxe4 Rxe4 29. Rd7+ Kf6 30. Rxh7 Rg4 31. g3 Rb4 32. Kc3 a5 33.
Rh8 Kg5 34. Rg8 Rb6 35. h3 f4 36. gxf4+ Kxf4 37. Kc4 Rb4+ 38. Kc3 Kg5 39. Ra8
b6 40. Rb8 Kf5 41. Rf8+ Kg5 42. Rb8 Kf6 43. Rf8+ Kg7 44. Rb8 g5 45. Rb7+ Kf6
46. Rb8 Kf5 47. Rf8+ Ke4 48. Rg8 Kf4 49. Rf8+ Ke3 50. Re8+ Re4 51. Rg8 Kf4 52.
Rf8+ Kg3 53. Rg8 Re5 54. Rh8 Kh2 55. Rh5 Re3+ 56. Kc2 Rg3 57. Kc1 Kg2 58. Kc2
Kh2 59. Kc1 Rxh3 60. Rxg5 Rxb3 61. Kc2 Rb4 62. Kc3 Kh3 63. b3 Kh4 64. Rg8 Rb5
65. Kc4 Rb4+ 66. Kc3 b5 67. Ra8 1/2-1/2

[Event "4NCL Division Four"]
[Site "Telford, ENG"]
[Date "2024.05.06"]
[Round "11.22"]
[White "Pelling, Kyle"]
[Black "Neatherway, A Philip"]
[Result "1-0"]
[WhiteElo "2036"]
[BlackElo "1831"]
[PlyCount "115"]
[EventDate "2024.05.06"]
[WhiteTeam "Average Woodpushers"]
[BlackTeam "Oxford 3"]

1. e4 e6 2. d4 d5 3. Nc3 Nf6 4. Bg5 Be7 5. e5 Nfd7 6. h4 Bxg5 7. hxg5 Qxg5 8.
Nh3 Qe7 9. Qg4 g6 10. Nf4 Nc6 11. O-O-O Nb6 12. Rh6 Bd7 13. Qh3 O-O-O 14. Rxh7
Rxh7 15. Qxh7 Na5 16. Nd3 Nbc4 17. Qh3 b6 18. Nb1 c5 19. dxc5 bxc5 20. b3 Nb6
21. Nb2 Qg5+ 22. Qe3 Qxe3+ 23. fxe3 Kb7 24. Be2 Rc8 25. Rf1 Be8 26. Nd2 Rc7 27.
c4 dxc4 28. Nbxc4 Naxc4 29. bxc4 Bc6 30. Bf3 Bxf3 31. Rxf3 Nd7 32. Rxf7 Nxe5
33. Rf6 Re7 34. Kc2 Kc6 35. Kc3 g5 36. Ne4 g4 37. Rf8 Kb6 38. Rb8+ Kc6 39. Rc8+
Kb6 40. Rxc5 Nf7 41. Rb5+ Kc6 42. Nf6 a6 43. Ra5 Kb6 44. Rh5 Kc6 45. Nxg4 Nd6
46. Ne5+ Kc7 47. g4 Nb7 48. g5 Nd6 49. g6 Ne8 50. Rh7 Rg7 51. Rxg7+ Nxg7 52. c5
Nf5 53. e4 Ng7 54. Kd4 Ne8 55. Nd3 Kd7 56. Ke5 Ke7 57. Nf4 Nc7 58. c6 1-0

[Event "4NCL Division Four"]
[Site "Telford, ENG"]
[Date "2024.05.06"]
[Round "11.23"]
[White "Tringali, Alessandro"]
[Black "Mulleady, Peter J"]
[Result "0-1"]
[WhiteElo "1790"]
[BlackElo "1969"]
[PlyCount "90"]
[EventDate "2024.05.06"]
[WhiteTeam "Oxford 3"]
[BlackTeam "Average Woodpushers"]

1. e4 g6 2. d4 d6 3. f4 Bg7 4. Nf3 c6 5. Bd3 Bg4 6. Be2 Qb6 7. e5 Nd7 8. c3 Nh6
9. Qb3 Qxb3 10. axb3 f6 11. exd6 exd6 12. h3 Be6 13. Nbd2 O-O 14. O-O Rfe8 15.
Bc4 d5 16. Bd3 Bf5 17. Bxf5 Nxf5 18. Nb1 Ng3 19. Re1 Rxe1+ 20. Nxe1 Ne2+ 21.
Kf2 Nxc1 22. Nd2 Nxb3 23. Nxb3 b6 24. Nd3 a5 25. g4 Kf7 26. f5 Bh6 27. Kf3 Re8
28. Re1 Rxe1 29. Nxe1 Ke7 30. Nd3 Kd6 31. Nf4 Bxf4 32. Kxf4 g5+ 33. Ke3 a4 34.
Nc1 b5 35. Nd3 Nb6 36. Kd2 Nc4+ 37. Kc1 Ne3 38. Nc5 Ng2 39. Ne6 Nf4 40. Nxf4
gxf4 41. h4 h6 42. Kd2 c5 43. dxc5+ Kxc5 44. Ke2 d4 45. cxd4+ Kd5 0-1

[Event "4NCL Division Four"]
[Site "Telford, ENG"]
[Date "2024.05.06"]
[Round "11.24"]
[White "Rughani, Mahin"]
[Black "Rumsby, Stephen"]
[Result "1-0"]
[WhiteElo "1845"]
[BlackElo "1702"]
[PlyCount "105"]
[EventDate "2024.05.06"]
[WhiteTeam "Average Woodpushers"]
[BlackTeam "Oxford 3"]

1. d4 Nf6 2. Bf4 d6 3. Nc3 g6 4. e4 Nbd7 5. Qd2 Bg7 6. Bh6 O-O 7. f3 e5 8. d5
a5 9. O-O-O Nc5 10. h4 Nh5 11. g4 Bxh6 12. Qxh6 Nf4 13. Nge2 Qf6 14. Nxf4 Qxf4+
15. Qxf4 exf4 16. Ne2 Bd7 17. Nxf4 b5 18. Ne2 b4 19. Nd4 a4 20. Bb5 Rfb8 21.
Bxd7 Nxd7 22. Nc6 Rb6 23. Rd4 b3 24. cxb3 a3 25. bxa3 Rxa3 26. Kb2 Rba6 27. Nb4
Ra8 28. f4 Nc5 29. Ra1 Kg7 30. Nc2 R3a7 31. Nb4 Ra3 32. Nc2 R3a7 33. a3 Rb7 34.
b4 Na4+ 35. Kb3 Nc5+ 36. Kc4 Na4 37. Ne3 Nb6+ 38. Kb3 Na4 39. Nd1 Nc5+ 40. Kc4
Na4 41. Nc3 Nb6+ 42. Kb3 Nd7 43. a4 Nc5+ 44. Kc4 Nd7 45. a5 Nb6+ 46. Kb3 Nc8
47. a6 Rb6 48. b5 Na7 49. Rb4 Rab8 50. Kc4 c6 51. bxc6 Nxc6 52. a7 Nxb4 53.
axb8=Q 1-0

[Event "4NCL Division Four"]
[Site "Telford, ENG"]
[Date "2024.05.06"]
[Round "11.25"]
[White "Kocan, Barry A"]
[Black "Hutchinson, Joel"]
[Result "0-1"]
[WhiteElo "1679"]
[BlackElo "1884"]
[PlyCount "66"]
[EventDate "2024.05.06"]
[WhiteTeam "Oxford 3"]
[BlackTeam "Average Woodpushers"]

1. e4 e6 2. d4 d5 3. Nd2 Nf6 4. e5 Nfd7 5. Bd3 c5 6. c3 Nc6 7. Ndf3 cxd4 8.
cxd4 Be7 9. Ne2 a6 10. O-O b5 11. a3 Bb7 12. b4 Nb6 13. Bf4 Nc4 14. Qb1 h6 15.
Rd1 Qb6 16. Be3 O-O 17. h4 Nxe3 18. fxe3 a5 19. bxa5 Rxa5 20. a4 b4 21. Qb3 Ba6
22. h5 Ra8 23. Nc3 Bxd3 24. Rxd3 Qa6 25. Na2 Rxa4 26. Qc2 Qc4 27. Rd2 b3 28.
Qxc4 dxc4 29. d5 exd5 30. Nd4 Nxd4 31. Rxd4 Rxa2 32. Rad1 b2 33. Rxd5 Ra1 0-1